000 00623nam a22002297a 4500
003 OSt
005 20250612153848.0
008 250612b |||||||| |||| 00| 0 eng d
020 _a9789355010605
040 _aKABU
_cKABU
050 _aQD453
_b.B86 2022
100 _aBahl, Arun
245 _aEssentials of physical chemistry:
_bfor BSC Students /
_cArun Bahl, B. S. Bahl & G.D. Tuli
250 _a28th ed.
260 _aNew Delhi:
_bS. Chand & Co,
_c2022
300 _axviii, 1222p.
500 _aIncludes index
650 _aPhysical chemistry
700 _aBahl, B.S.
700 _aTuli, G.D.
942 _2lcc
_cBK
999 _c20725
_d20724